00688 2200169 4500245006900000020002200069100002900091700002000120650003000140005001900170260003700189041001400226084001200240300002200252500023500274336000900509 aUlysses Moore b : Pulau TopengcBaccalario, PierdomenicohText a978-979-075-064-7 aBaccalario, Pierdomenico aBarokah Ruziati aCerita petualangan Italia a20231012103401 aJakartabErlangga for Kidsc2006 aIndonesia a873.087 a213 hlm. :cillus aSebuah runtutan petunjuk dan kode yang luar biasa membawa anak anak ke Venesia abad ke 18,kota dimana penemuan Dedalus bertebaran di segala penjuru.Tapi sang penemu tampaknya telah melebur ke dalam dunia dan bayang bayang Venesia. atext